000 00785nam a22002532 4500
001 6315
003 BD-RjUL
005 20211208234225.0
008 140109s1963 enko j b 001 0 eng d
035 _a(BD-RjUL)6355
_aOCLC ocm30213780 from D980223M
040 _aUKM
_cUKM
_dEQO
_beng
041 _aeng
082 0 4 _a364.155
_218
_bPRR 1963
100 1 _aPringle, Patrick.
_919880
245 1 4 _aThe real book of highwaymen /
_cillustrated by Michael Godfrey.
260 _bLondon :
_c1963.
_aDennis Dobson,
300 _a192 p. :
_bill. ;
_c21 cm.
500 _aFor children.
504 _aIncludes bibliography and index.
650 _aBrigands and robbers
_xJuvenile literature
_9153755
650 _aBrigands and robbers
_9153756
830 0 _aReal books
_9153757
942 _2ddc
_cBK
999 _c6315
_d6315